Laboratory Manual of Physical Pharmacy (Record no. 11064)

MARC details
000 -LEADER
fixed length control field 00473nam a22001697a 4500
003 - CONTROL NUMBER IDENTIFIER
control field OSt
008 - FIXED-LENGTH DATA ELEMENTS--GENERAL INFORMATION
fixed length control field 220115b ||||| |||| 00| 0 eng d
020 ## - INTERNATIONAL STANDARD BOOK NUMBER
International Standard Book Number 81-85731-17-9
082 ## - DEWEY DECIMAL CLASSIFICATION NUMBER
Classification number 615.1 SUL
100 ## - MAIN ENTRY--PERSONAL NAME
Personal name Subrahmanyam, CVS
245 ## - TITLE STATEMENT
Title Laboratory Manual of Physical Pharmacy
250 ## - EDITION STATEMENT
Edition statement Rep
260 ## - PUBLICATION, DISTRIBUTION, ETC. (IMPRINT)
Place of publication, distribution, etc Delhi
Name of publisher, distributor, etc Vallabh Prakashan
300 ## - PHYSICAL DESCRIPTION
Extent 123
650 ## - SUBJECT ADDED ENTRY--TOPICAL TERM
Topical term or geographic name as entry element Pharmaceutics- Drug Delivery Systems,Pharmaceutical Engineering regularity Science
942 ## - ADDED ENTRY ELEMENTS (KOHA)
Source of classification or shelving scheme Dewey Decimal Classification
Koha item type Text Books
Holdings
Withdrawn status Lost status Source of classification or shelving scheme Damaged status Not for loan Collection code Home library Current library Date acquired Source of acquisition Currency Cost, normal purchase price Bill Number Total Checkouts Full call number Acc. no. / Barcode Date last seen Actual Cost, discounted price Bill Date Koha item type Date last borrowed Checked out
    Dewey Decimal Classification     B.Pharma PIET C-LIBRARY PIET C-LIBRARY 01/11/2022 Kirti Prakashan Indian Rup 120.00 IN3266   615.1 SUL BP1678 15/01/2022 98.40 11/01/2022 Reference Books    
    Dewey Decimal Classification     B.Pharma PIET C-LIBRARY PIET C-LIBRARY 01/11/2022 Kirti Prakashan Indian Rup 120.00 IN3266   615.1 SUL BP1679 15/01/2022 98.40 11/01/2022 Text Books    
    Dewey Decimal Classification     B.Pharma PIET C-LIBRARY PIET C-LIBRARY 01/11/2022 Kirti Prakashan Indian Rup 120.00 IN3266   615.1 SUL BP1680 15/01/2022 98.40 11/01/2022 Text Books    
    Dewey Decimal Classification     B.Pharma PIET C-LIBRARY PIET C-LIBRARY 01/11/2022 Kirti Prakashan Indian Rup 120.00 IN3266 1 615.1 SUL BP1681 24/01/2026 98.40 11/01/2022 Text Books 28/10/2025  
    Dewey Decimal Classification     B.Pharma PIET C-LIBRARY PIET C-LIBRARY 01/11/2022 Kirti Prakashan Indian Rup 120.00 IN3266 1 615.1 SUL BP1682 27/01/2026 98.40 11/01/2022 Text Books 27/01/2026 17/08/2026
    Dewey Decimal Classification     B.Pharma PIET C-LIBRARY PIET C-LIBRARY 28/02/2022 Kirthi Prakashan Indian Rup 120.00 IN3528   615.1 SUL BP1767 28/02/2022 98.40 28/02/2022 Text Books    
    Dewey Decimal Classification     B.Pharma PIET C-LIBRARY PIET C-LIBRARY 28/02/2022 Kirthi Prakashan Indian Rup 120.00 IN3528   615.1 SUL BP1768 28/02/2022 98.40 28/02/2022 Text Books    
    Dewey Decimal Classification     B.Pharma PIET C-LIBRARY PIET C-LIBRARY 28/02/2022 Kirthi Prakashan Indian Rup 120.00 IN3528   615.1 SUL BP1769 28/02/2022 98.40 28/02/2022 Text Books    
    Dewey Decimal Classification     B.Pharma PIET C-LIBRARY PIET C-LIBRARY 28/02/2022 Kirthi Prakashan Indian Rup 120.00 IN3528   615.1 SUL BP1770 28/02/2022 98.40 28/02/2022 Text Books    
    Dewey Decimal Classification     B.Pharma PIET C-LIBRARY PIET C-LIBRARY 28/02/2022 Kirthi Prakashan Indian Rup 120.00 IN3528   615.1 SUL BP1771 28/02/2022 98.40 28/02/2022 Text Books    

Design & Developed by: PIET Central Library
R70 Miles Stone Pattikalyana Samalkha Panipat 132102
mail ID :- [email protected], Phone No:- 0180-2569700 Ex.216